00733nam a2200193Ia 4500001002300000003000900023008004100032040002300073041001300096100002100109240006700130245008000197250001500277260002800292300001900320490003600339501012400375700004000499220.1-SCH jo as (2822)IT-MiSPE171229s9999||||xx |||||||||||||| ||und|| aIT-MiSPEcIT-MiSPE aITALIANO aJosef Schreiner  aAspekte heutiger Exegese: Die Bibel: Gottes-oder Menschenwort? 0aAspetti dell'odierna esegesi bLa Bibbia: parola di Dio o parola dell'uomo? a1a ed. (v) aRomabEd. Paolinec1969 a167 p. c18 cm aPunti scottanti di teologiav27 aEdizioni San Paolo srl - Piazza Soncino, 5 - 20092 CINISELLO BALSAMO (MI) (non commercial uses only) ® Copyright 2018 aMaria Teresa Petrozzig(traduzione)